|
|
|
|
| LEADER |
01008cam a22003131a 4500 |
| 001 |
000033261 |
| 003 |
9409 |
| 005 |
20240907152820.0 |
| 040 |
|
|
|a 151016s2009 vm 000 vie
|
| 040 |
|
|
|a LNN
|
| 041 |
|
|
|a vie
|
| 082 |
|
|
|a 495.92943
|b LA-V
|
| 100 |
|
|
|a Lạc Việt
|
| 245 |
|
0 |
|a Chùa Hà Nội /
|c Lạc Việt.
|
| 260 |
|
|
|a HN,
|c 2009.
|
| 300 |
|
|
|a 211tr. : mh ; 20cm.
|
| 650 |
|
|
|a Lạc Việt,Chùa Hà Nội, chùa, đền, hà nội, 2009
|
| 852 |
|
|
|c Ngôn ngữ tiếng Việt 1
|
| OWN |
|
|
|a LNN
|
| AVA |
|
|
|a UDN50
|b LNN
|d 495.92943 LA-V
|e available
|t Error 5001 Not defined in file expand_doc_bib_avail.
|f 1
|g 0
|h N
|i 0
|k 1
|
| 999 |
|
|
|a From the UDN01
|
| AVA |
|
|
|a UDN50
|b LNN
|d 495.92943 LA-V
|e available
|t Error 5001 Not defined in file expand_doc_bib_avail.
|f 1
|g 0
|h N
|i 0
|k 1
|
| TYP |
|
|
|a Monograph
|
| 980 |
|
|
|a Mạng thư viện Đại học Đà Nẵng
|